Diccionario de la medicina del sueño / (Registro nro. 894)

Detalles MARC
000 -LEADER
fixed length control field 00726nam a2200217 a 4500
008 - CAMPO DE CONTROL (LIBRO)
fixed length control field 110815s2001 sp ||||f |||| 001 0 spa d
020 ## - INTERNATIONAL STANDARD BOOK NUMBER
ISBN 8489980403
041 ## - CODIGO DE IDIOMA
Código de idioma del texto/pista de sonido o título separado spa
092 ## - SIGNATURA TOPOGRAFICA DEWEY LOCAL
número de clasificación 612.82103
libristica 62
sección ONE
100 1# - ENTRADA PRINCIPAL--NOMBRE PERSONAL
Nombre personal Onen, S. H.
9 (RLIN) 778
245 ## - TITULO PROPIAMENTE DICHO
Título Diccionario de la medicina del sueño /
Mención de responsabilidad y remanente de la transcripción de la portada S. H. Onen
250 ## - MENCION DE EDICION
Mención de edición 1a ed.
Mención de responsabilidad relacionada con la ed. Traducción Bibiana Lienas Massot y Fernando Fontán Fontán
260 ## - PIE DE IMPRENTA
Lugar de publicación, distribución, etc Barcelona:
Nombre de la editorial, distribuidor, etc Ediciones Mayo;
Fecha de publicación 2001.
300 ## - DESCRIPCION FISICA
Extension 208 p.
500 ## - NOTA GENERAL
Nota general Onen, S. H. y Onen, F. (2001). Diccionario de la medicina del sueño. (1a ed.). Barcelona : Ediciones Mayo.
590 ## - NOTAS LOCALES (RLIN)
Nota local Donación Agosto 2011
653 ## - TÉRMINO INDIZADO - PALABRAS CLAVES
Palabra clave Diccionario
653 ## - TÉRMINO INDIZADO - PALABRAS CLAVES
Palabra clave Medicina del sueño
700 1# - ENTRADAS SECUNDARIAS - NOMBRE PERSONAL
Nombre personal Onen, F.
9 (RLIN) 779
942 ## - ADDED ENTRY ELEMENTS (KOHA)
Source of classification or shelving scheme Dewey Decimal Classification
Item type Libros
Existencias
Estado de retiro Existencia Fuente de clasificación Estado general No para prestamo Ubicación permanente ubicación actual Sala de ubicación Fecha de adquisición Total Checkouts Número de clasificación Código de barras Date last seen Número de ejemplar Price effective from Koha tipo de elemento (item)
    Dewey Decimal Classification     Biblioteca Medicina Biblioteca Medicina Referencia 15/08/2011   612.82103 62 ONE 2415 06/11/2014 ej.1 15/08/2011 Libros

UNIVERSIDAD NACIONAL DEL COMAHUE
Biblioteca de la Facultad de Ciencias Médicas
Sede Toschi: Los Arrayanes y Av. Toschi, Cipolletti  - Rio Negro
Sede Los Tordos:  Yrigoyen al 2211, Cipolletti - Rio Negro 

Teléfono: 0299 - 4774707 int 25
Contacto: biblioteca@facimed.uncoma.edu.ar
© 2011 - 2026